000 00247nam a22001217a 4500
999 _c32108
_d32108
003 Nust
005 20170130100039.0
008 170130b xxu||||| |||| 00| 0 eng d
020 _a0-17-0136563
040 _cc
082 _a510
100 _aBrodie, Ross
245 _aNEW Q MATHS 11A &AA /
_cRoss Brodie and Stephen Swift
260 _aAustralia :
_bNelson,
_c2008.
300 _a(i-v) p. ;
_c25 cm.
500 _aHardcover.
942 _cBK
_2ddc